| 000 | 01191cam a22003377a 4500 | ||
|---|---|---|---|
| 003 | CHAP | ||
| 005 | 20220329135410.0 | ||
| 008 | 971013s1983 r 00010 d | ||
| 010 | _a35733 | ||
| 011 | _a36705 | ||
| 035 | _a40824 | ||
| 040 | _cCHAP | ||
| 082 |
_a338.9 _bM47 1983-88 |
||
| 110 |
_aMéxico. Secretaría de Programación y Presupuesto _977206 |
||
| 245 | 0 | _aPlan Nacional de desarrollo, 1983-88 | |
| 260 |
_aMéxico, D.F. : _bLa Secretaría, _c1983 |
||
| 300 | _a430 p | ||
| 590 |
_aBATCH-UPD _b10 _c20130110 _lUCH01 _h1236 |
||
| 590 |
_aBATCH-UPD _b10 _c20130410 _lUCH01 _h0804 |
||
| 590 |
_aBATCH-UPD _b10 _c20130914 _lUCH01 _h1739 |
||
| 590 |
_aBATCH-UPD _b10 _c20161124 _lUCH01 _h1709 |
||
| 590 |
_aCONVERSION _b10 _c20130109 _lUCH01 _h1320 |
||
| 650 | 1 | 4 |
_aPolítica económica _zMéxico. _990535 |
| 651 | 4 |
_aMéxico _xPolítica y gobierno. _976783 |
|
| 700 | 0 |
_aMadrid Hurtado, Miguel de la. _969704 |
|
| 901 | _aBK | ||
| 942 | _cLIBRO | ||
| 949 |
_a338.9 M47 1983-88 _bBC _cC _d-93273 _eC _h60258 _i40824 _mD _si |
||
| 949 |
_a338.9 M47 1983-88 _bBC _cC _d33724000554747 _eC _fc.2 _h60259 _i40824 _mD _si |
||
| 949 |
_a338.9 M47 1983-88 _bBC _cC _d33724000688511 _eC _fc.3 _h63629 _i40824 _mD _sb |
||
| 999 |
_c35733 _d35733 |
||